Countries Timbaland has Visited - Statistics

General Stats
  • This quiz has been taken 13 times
  • The average score is 11 of 12
Answer Stats
Continent Country % Correct
Oceania Australia
100%
Europe Belgium
100%
North America Canada
100%
Asia China
100%
Europe Germany
100%
North America United States of America
100%
Europe Ireland
90%
Europe Poland
90%
Europe Sweden
90%
Asia Philippines
80%
Europe United Kingdom
80%
Asia Saudi Arabia
70%
No matching quizzes found
Score Distribution
Percent of People with Each Score
Percentile by Number Answered
Your Score History
You have not taken this quiz